Central Library OPAC University of Rajshahi

Participative productivity and quality of work life / (Record no. 15885)

MARC details
000 -LEADER
fixed length control field 00936cam a2200301 a 4500
001 - CONTROL NUMBER
control field 15885
003 - CONTROL NUMBER IDENTIFIER
rucl marc code BD-RjUL
005 - DATE AND TIME OF LATEST TRANSACTION
control field 20211208235914.0
008 - FIXED-LENGTH DATA ELEMENTS--GENERAL INFORMATION
fixed length control field 140211s1982 njua b 001 0 eng
020 ## - INTERNATIONAL STANDARD BOOK NUMBER
International Standard Book Number 0136513980 :
035 ## - SYSTEM CONTROL NUMBER
System control number (BD-RjUL)15940
040 ## - CATALOGING SOURCE
Original cataloging agency DLC
Transcribing agency DLC
Modifying agency DLC
-- BD-RjUL
Language of cataloging eng
041 ## - LANGUAGE CODE
Language code of text/sound track or separate title eng
082 00 - DEWEY DECIMAL CLASSIFICATION NUMBER
Classification number 658.314
Edition number 19
Author mark and year LEP 1982
100 1# - MAIN ENTRY--PERSONAL NAME
Personal name Lehrer, Robert N.
9 (RLIN) 49255
245 10 - TITLE STATEMENT
Title Participative productivity and quality of work life /
Statement of responsibility, etc. Robert N. Lehrer.
260 ## - PUBLICATION, DISTRIBUTION, ETC. (IMPRINT)
Place of publication, distribution, etc. Englewood Cliffs, N.J. :
Name of publisher, distributor, etc. Prentice-Hall,
Date of publication, distribution, etc. c1982.
300 ## - PHYSICAL DESCRIPTION
Pagination xiv, 384 p. :
Illustrations ill. ;
Size 24 cm.
504 ## - BIBLIOGRAPHY, ETC. NOTE
Bibliography, etc Includes bibliographies and index.
650 #0 - SUBJECT ADDED ENTRY--TOPICAL TERM
Topical term or geographic name as entry element Industrial management.
9 (RLIN) 49256
Topical term or geographic name as entry element Problem solving.
9 (RLIN) 49257
Topical term or geographic name as entry element Industrial productivity.
9 (RLIN) 9251
Topical term or geographic name as entry element Methods engineering.
9 (RLIN) 49258
Topical term or geographic name as entry element Quality of work life.
9 (RLIN) 42144
942 ## - ADDED ENTRY ELEMENTS (KOHA)
Source of classification or shelving scheme Dewey Decimal Classification
Koha item type Books
Holdings
Lost status Source of classification or shelving scheme Damaged status Not for loan Collection code Permanent Location Current Location Shelving location Date acquired Source of acquisition Total Checkouts Full call number Date last seen Copy number Koha item type
  Dewey Decimal Classification   Not For Loan Non-fiction Central Library, University of Rajshahi Central Library, University of Rajshahi Reading Room 25/02/1985 Asia foundation Gift   658.314 LEP 1982 11/02/2014 C-1 Books